KOHA-Header-6

Calculus (Record no. 7475)

000 -LEADER
fixed length control field 00232nam a2200109Ia 4500
020 ## - INTERNATIONAL STANDARD BOOK NUMBER
ISBN 978-0471243489
100 ## - MAIN ENTRY--AUTHOR NAME
Personal name Howard Anton
245 #0 - TITLE STATEMENT
Title Calculus
260 ## - PUBLICATION, DISTRIBUTION, ETC. (IMPRINT)
Place of publication New Delhi
Name of publisher Tata McGraw Hill
Year of publication 1999
300 ## - PHYSICAL DESCRIPTION
Number of Pages 1200
942 ## - ADDED ENTRY ELEMENTS (KOHA)
Koha item type Books
Holdings
Withdrawn status Lost status Collection code Permanent Location Current Location Shelving location Date acquired Full call number Accession Number Koha item type
    Calculus MAJU MAJU Shelf No.A27 2019-09-12 515.15 1349 Calculus

Powered by Koha